The American Utopia /

Saved in:
Bibliographic Details
Main Author: Batalov, Eduard
Format: Book (Paper)
Language:English
Published: Maxcơva : Tiến bộ , 1985
Tags: Add Tag
No Tags, Be the first to tag this record!
Institutions: Thư viện Trường Đại học Đà Lạt
LEADER 00575nam a2200253 4500
001 DLU020015988
005 ##10/20/2000
020 # # |a 978- 
041 # # |a eng 
082 # # |a 306.089 13  |b BA-E 
090 # # |a 306.089 13  |b BA-E 
100 # # |a Batalov, Eduard 
245 # # |a The American Utopia /  |c Batalov Eduard 
260 # # |a Maxcơva :  |b Tiến bộ ,  |c 1985 
300 # # |a 236 tr.;   |c 22 cm. 
992 # # |a 620 
994 # # |a DLU 
900 # # |a False 
911 # # |a Administrator 
925 # # |a G 
926 # # |a A 
927 # # |a SH 
980 # # |a Thư viện Trường Đại học Đà Lạt